Actualidad del movimiento sindical en Costa Rica /
El análisis aborda la situación actual del movimiento sindical en Costa Rica, explorando su relevancia y desafíos en el contexto sociopolítico. Rodrigo Aguilar Arce examina la evolución de los sindicatos en el país, su influencia en las dinámicas laborales y su papel en la defensa de los derechos de...
Gespeichert in:
| 1. Verfasser: | |
|---|---|
| Format: | Unbekannt |
| Sprache: | Spanish |
| Veröffentlicht: |
San José, Costa Rica :
Fundación Friedrich Ebert
|
| Schlagworte: | |
| Tags: |
Tag hinzufügen
Keine Tags, Fügen Sie den ersten Tag hinzu!
|
MARC
| LEADER | 00000 a2200000 04500 | ||
|---|---|---|---|
| 001 | 39935 | ||
| 003 | cru CIDCAS/IIS | ||
| 005 | 20230926125643.0 | ||
| 008 | 050615s1993 cr spa d | ||
| 020 | |a 9977-961-13-1 | ||
| 040 | |c cru CIDCAS/IIS | ||
| 090 | |a 13.06.01 A283a | ||
| 100 | |a Aguilar Arce, Rodrigo | ||
| 245 | |a Actualidad del movimiento sindical en Costa Rica / |c Rodrigo Aguilar Arce | ||
| 260 | |a San José, Costa Rica : |b Fundación Friedrich Ebert | ||
| 300 | |a 33 páginas : tablas, gráficos | ||
| 520 | |a El análisis aborda la situación actual del movimiento sindical en Costa Rica, explorando su relevancia y desafíos en el contexto sociopolítico. Rodrigo Aguilar Arce examina la evolución de los sindicatos en el país, su influencia en las dinámicas laborales y su papel en la defensa de los derechos de los trabajadores. Se exploran los cambios y adaptaciones que enfrenta el movimiento sindical en una sociedad en constante transformación, así como sus esfuerzos por promover condiciones laborales justas y equitativas en el entorno costarricense. RAR 08/2023 | ||
| 650 | 0 | |2 OCDE |9 3 |a MOVIMIENTOS SOCIALES | |
| 650 | 0 | |2 OCED |9 7 |a SINDICATOS | |
| 650 | 0 | |2 OCDE |9 10303 |a DERECHO LABORAL | |
| 650 | 0 | |2 OCDE |9 11602 |a PARTICIPACION ACTIVA | |
| 650 | 0 | |2 OCDE |9 2799 |a RELACIONES LABORALES | |
| 650 | 4 | |2 OCDE |9 3397 |a CONDICIONES LABORALES | |
| 650 | 4 | |2 OCDE |9 1933 |a CAMBIO SOCIAL | |
| 650 | 0 | |2 OCDE |9 10303 |a DERECHO LABORAL | |
| 650 | 0 | |2 OCDE |9 510 |a ADAPTACION | |
| 650 | 0 | |2 OCDE |9 7975 |a DEFENSA | |
| 651 | 0 | |2 OCED |9 32 |a COSTA RICA | |
| 942 | |2 z |c LI |h 13.06.01 A283a |6 130601_A283A | ||
| 999 | |c 1187 |d 1187 | ||



